Nabokov and the real world : (Record no. 1566)

MARC details
000 -LEADER
fixed length control field 03571nam a22005177a 4500
001 - CONTROL NUMBER
control field 21827438
003 - CONTROL NUMBER IDENTIFIER
control field OSt
005 - DATE AND TIME OF LATEST TRANSACTION
control field 20250716190354.0
008 - FIXED-LENGTH DATA ELEMENTS--GENERAL INFORMATION
fixed length control field 241220b |||||||| |||| 00| 0 eng d
010 ## - LIBRARY OF CONGRESS CONTROL NUMBER
LC control number 2020951305
015 ## - NATIONAL BIBLIOGRAPHY NUMBER
National bibliography number GBC149598
Source bnb
016 7# - NATIONAL BIBLIOGRAPHIC AGENCY CONTROL NUMBER
Record control number 020145321
Source Uk
020 ## - INTERNATIONAL STANDARD BOOK NUMBER
International Standard Book Number 0691211930
Qualifying information (pbk.)
020 ## - INTERNATIONAL STANDARD BOOK NUMBER
International Standard Book Number 9780691211930
Qualifying information (pbk.)
020 ## - INTERNATIONAL STANDARD BOOK NUMBER
Canceled/invalid ISBN 9780691218663
Qualifying information (e-book)
035 ## - SYSTEM CONTROL NUMBER
System control number (OCoLC)on1194961085
040 ## - CATALOGING SOURCE
Original cataloging agency YDX
Language of cataloging eng
Transcribing agency kmu
Description conventions rda
Modifying agency kmu
042 ## - AUTHENTICATION CODE
Authentication code lccopycat
050 00 - LIBRARY OF CONGRESS CALL NUMBER
Classification number PS 3527.A15
100 1# - MAIN ENTRY--PERSONAL NAME
Personal name Alter, Robert,
Relator term author.
245 10 - TITLE STATEMENT
Title Nabokov and the real world :
Remainder of title between appreciation and defense /
Statement of responsibility, etc. Robert Alter.
246 30 - VARYING FORM OF TITLE
Title proper/short title Between appreciation and defense
264 #1 - PRODUCTION, PUBLICATION, DISTRIBUTION, MANUFACTURE, AND COPYRIGHT NOTICE
Place of production, publication, distribution, manufacture Princeton :
Name of producer, publisher, distributor, manufacturer Princeton University Press,
Date of production, publication, distribution, manufacture, or copyright notice [2021]
264 #4 - PRODUCTION, PUBLICATION, DISTRIBUTION, MANUFACTURE, AND COPYRIGHT NOTICE
Date of production, publication, distribution, manufacture, or copyright notice ©2021
300 ## - PHYSICAL DESCRIPTION
Extent viii, 232 pages ;
Dimensions 22 cm
336 ## - CONTENT TYPE
Content type term text
Content type code txt
Source rdacontent
337 ## - MEDIA TYPE
Media type term unmediated
Media type code n
Source rdamedia
338 ## - CARRIER TYPE
Carrier type term volume
Carrier type code nc
Source rdacarrier
504 ## - BIBLIOGRAPHY, ETC. NOTE
Bibliography, etc. note Includes bibliographical references (pages 227-228) and index.
505 0# - FORMATTED CONTENTS NOTE
Formatted contents note Between appreciation and defense -- Not reading the papers -- Lolita now -- Nabokov's game of worlds -- Autobiography as alchemy in Pale Fire -- Ada, or the perils of paradise -- Nabokov for those who hate him: the curious case of Pnin -- Invitation to a Beheading: Nabokov and the art of politics -- Nabokov and memory -- Lectures on literature -- Style in the novel, style in Nabokov, and the question of translation.
520 ## - SUMMARY, ETC.
Summary, etc. Admirers and detractors of Vladimir Nabokov have viewed him as an ingenious contriver of literary games, teasing and even outsmarting his readers through his self-reflexive artifice and the many codes and puzzles he devises in his fiction. Nabokov himself spoke a number of times about reality as a term that always has to be put in scare quotes. Consequently, many critics and readers have thought of him as a writer uninterested in the world outside literature. Robert Alter shows how Nabokov was passionately concerned with the real world and its complexities, from love and loss to exile, freedom, and the impact of contemporary politics on our lives. In these essays, Alter spans the breadth of Nabokov's writings, from his memoir, lectures, and short stories to major novels such as Lolita. He demonstrates how the self-reflexivity of Nabokov's fiction becomes a vehicle for expressing very real concerns. What emerges is a portrait of a brilliant stylist who is at once serious and playful, who cared deeply about human relationships and the burden of loss, and who was acutely sensitive to the ways political ideologies can distort human values.
600 10 - SUBJECT ADDED ENTRY--PERSONAL NAME
Personal name Nabokov, Vladimir Vladimirovich,
Dates associated with a name 1899-1977
General subdivision Criticism and interpretation.
600 10 - SUBJECT ADDED ENTRY--PERSONAL NAME
Personal name Nabokov, Vladimir Vladimirovich,
Dates associated with a name 1899-1977
General subdivision Appreciation.
600 17 - SUBJECT ADDED ENTRY--PERSONAL NAME
Personal name Nabokov, Vladimir Vladimirovich,
Dates associated with a name 1899-1977.
Source of heading or term fast
Authority record control number or standard number (OCoLC)fst00067658
600 17 - SUBJECT ADDED ENTRY--PERSONAL NAME
Personal name Nabokov, Vladimir Vladimirovich,
Dates associated with a name 1899-1977
General subdivision Criticism and interpretation.
Source of heading or term nli
600 17 - SUBJECT ADDED ENTRY--PERSONAL NAME
Personal name Nabokov, Vladimir Vladimirovich,
Dates associated with a name 1899-1977
General subdivision Appreciation.
Source of heading or term nli
650 #7 - SUBJECT ADDED ENTRY--TOPICAL TERM
Topical term or geographic name entry element Art appreciation.
Source of heading or term fast
Authority record control number or standard number (OCoLC)fst00815447
655 #7 - INDEX TERM--GENRE/FORM
Genre/form data or focus term Literary criticism.
Source of term fast
Authority record control number or standard number (OCoLC)fst01986215
655 #7 - INDEX TERM--GENRE/FORM
Genre/form data or focus term Criticism, interpretation, etc.
Source of term fast
Authority record control number or standard number (OCoLC)fst01411635
655 #7 - INDEX TERM--GENRE/FORM
Genre/form data or focus term Literary criticism.
Source of term lcgft
655 #7 - INDEX TERM--GENRE/FORM
Genre/form data or focus term Critiques littéraires.
Source of term rvmgf
906 ## - LOCAL DATA ELEMENT F, LDF (RLIN)
a 7
b cbc
c copycat
d 2
e ncip
f 20
g y-gencatlg
942 ## - ADDED ENTRY ELEMENTS (KOHA)
Source of classification or shelving scheme Library of Congress Classification
Koha item type Non-Fiction
Suppress in OPAC No
Holdings
Withdrawn status Lost status Source of classification or shelving scheme Damaged status Not for loan Collection Home library Current library Shelving location Date acquired Total Checkouts Full call number Barcode Date last seen Price effective from Koha item type
    Library of Congress Classification     Non-fiction Kapasa Makasa University Kapasa Makasa University Open Access 20.12.2024   PS 3527.A15 Alt 300918 20.12.2024 20.12.2024 Non-Fiction